Fabricación de circuitos impresos de bajo costo: uso de métodos químicos

Gardado en:
Detalles Bibliográficos
Autor Principal: Castillo Jiménez, Xander
Formato: Libro
Publicado: [San José, Costa Rica] 2010
Materias:
Etiquetas: Engadir etiqueta
Sen Etiquetas, Sexa o primeiro en etiquetar este rexistro!

MARC

LEADER 00000nam a2200000Ia 4500
003 010064
005 20221231144033.0
008 140114s2010 cr a 000 ||s d
040 |c cru CEDI 
090 |a TFG 6334 
100 |a Castillo Jiménez, Xander   |9 2870 
245 |a  Fabricación de circuitos impresos de bajo costo: uso de métodos químicos  
260 |c 2010  |b [San José, Costa Rica] 
500 |a Proyecto de graduación (bachillerato en ingeniería eléctrica)--Universidad de Costa Rica. Facultad de Ingeniería. Escuela de Ingeniería Eléctrica, 2010 "IE - 0502 Proyecto Eléctrico" 
650 |x CIRCUITOS IMPRESOS   |x FABRICACION   |x  INDUSTRIAS QUIMICAS   |9 2871 
942 |c TFG 
999 |c 15969  |d 15969